| 000 | 00850cam a22001934a 4500 | ||
|---|---|---|---|
| 999 |
_c2808 _d2808 |
||
| 020 | _a0132434792 | ||
| 022 | _a9780132434799 | ||
| 050 | 0 | 0 |
_aHG4027.7 _b.A338 |
| 100 | 1 | _aAdelman, Philip J. | |
| 245 | 1 | 0 |
_aEntrepreneurial finance / _cPhilip J. Adelman, Alan M. Marks. |
| 250 | _a4th ed. | ||
| 260 |
_aUpper Saddle River, N.J. : _bPearson Prentice Hall, _cc2007. |
||
| 300 |
_axii, 404 p. : _bill. ; _c26 cm. |
||
| 500 | _aincludes index | ||
| 505 | _aFinancial and Economic Concepts -- Financial Management and Planning -- Financial Statements -- Analysis of Financial Statements -- Profit, Profitability, and Break-Even Analysis -- Forecasting and Pro Forma Financial Statements -- Working Capital Management -- Time Value of Money -- Capital Budgeting. | ||
| 650 | 0 |
_aSmall business _xFinance. |
|
| 700 | 1 | _aMarks, Alan M. | |
| 942 | _cBK | ||